Bài giảng bồi dưỡng cán bộ quản lí trường học Tập 1 Một số vấn đề lí luận cơ sở của quản lí trường Tiểu học
Đã lưu trong:
| Tác giả chính: | |
|---|---|
| Định dạng: | Sách |
| Năm xuất bản: |
H
Trường cán bộ quản lý giáo dục
1996
|
| Chủ đề: | |
| Tags: |
Thêm thẻ
Không có thẻ, Hãy là người đầu tiên gắn thẻ bản ghi này!
|
| LEADER | 00735nam a2200169 4500 | ||
|---|---|---|---|
| 082 | |a 372.12 |b B103gi | ||
| 100 | |a Đào Việt Hoa | ||
| 245 | |a Bài giảng bồi dưỡng cán bộ quản lí trường học |c Đào Việt Hoa, Võ Quang Phúc, Tô Giai,... |n Tập 1 |p Một số vấn đề lí luận cơ sở của quản lí trường Tiểu học | ||
| 260 | |a H |c 1996 |b Trường cán bộ quản lý giáo dục | ||
| 300 | |a 218tr |c 25cm. | ||
| 520 | |a | ||
| 653 | |a Giáo dục | ||
| 653 | |a Trường Tiểu học | ||
| 653 | |a Quản lý | ||
| 942 | |2 ddc |c STK0 | ||
| 999 | |c 9971 |d 9971 | ||
| 952 | |0 0 |1 0 |2 ddc |4 0 |6 372_120000000000000_B103GI |7 0 |8 300 |9 78235 |a qbu |b qbu |c D2 |d 2015-07-15 |g 30000 |o 372.12 B103gi |p 10280.c1 |r 0000-00-00 |w 2015-07-15 |y SH | ||